Mondatelemzés
Elmentve itt :
| Szerző: | |
|---|---|
| Dokumentumtípus: | Cikk |
| Megjelent: |
1966
|
| Sorozat: | A Szegedi Tanárképző Főiskola tudományos közleményei
|
| Kulcsszavak: | Nyelvtudomány |
| Online Access: | http://acta.bibl.u-szeged.hu/17603 |
| LEADER | 00601nab a2200181 i 4500 | ||
|---|---|---|---|
| 001 | acta17603 | ||
| 005 | 20210615101151.0 | ||
| 008 | 161015s1966 hu o 0|| hun d | ||
| 022 | |a 0371-3458 | ||
| 040 | |a SZTE Egyetemi Kiadványok Repozitórium |b hun | ||
| 041 | |a hun | ||
| 100 | 1 | |a Benkő László | |
| 245 | 1 | 0 | |a Mondatelemzés |h [elektronikus dokumentum] / |c Benkő László |
| 260 | |c 1966 | ||
| 300 | |a 3-17 | ||
| 490 | 0 | |a A Szegedi Tanárképző Főiskola tudományos közleményei | |
| 695 | |a Nyelvtudomány | ||
| 856 | 4 | 0 | |u http://acta.bibl.u-szeged.hu/17603/1/tanarkepzo_1966_1_003-017.pdf |z Dokumentum-elérés |